| 000 | 00345nam a2200145Ia 4500 | ||
|---|---|---|---|
| 008 | 150301s2014 xx 000 0 und d | ||
| 082 |
_a610.72 _bN14S |
||
| 100 | _aSHARMA, SURESH K. | ||
| 245 | _aNURSING RESEARCH STATISTICS | ||
| 250 | _a2ND | ||
| 260 |
_bELSEVER _c2014 |
||
| 300 | _a517 | ||
| 650 | _aNURSING RESEARCH | ||
| 942 |
_2ddc _cBK _0115 |
||
| 999 |
_c6847 _d6847 |
||